000
00304nam a22001337a 4500
008
170728b xxu||||| |||| 00| 0 eng d
020
_a
9780789719034
041
_a
eng
080
_2
11TH
_a
004
100
_a
32
101
_a
SHK
245
_a
UPGRADING AND REPAIRING PCs
_c
MUELLER'S,S
942
_2
udc
_c
BK
999
_c
22141
_d
22141